Ποιητικά άπαντα

Αποθηκεύτηκε σε:
Λεπτομέρειες βιβλιογραφικής εγγραφής
Κύριος συγγραφέας: Παπακωνσταντίνου, Δημήτρης Κ.
Άλλοι συγγραφείς: Σαρίογλου, Ειρήνη, 1972- (edtf)
Μορφή: Βιβλίο
Γλώσσα:Greek
Δημοσίευση: Αθήνα : Ελληνικό Ίδρυμα Ιστορικών Μελετών, 2011.
Σειρά:Λογοτεχνία (Ελληνικό Ίδρυμα Ιστορικών Μελετών)
Θέματα:
Ετικέτες: Προσθήκη ετικέτας
Δεν υπάρχουν, Καταχωρήστε ετικέτα πρώτοι!

MARC

LEADER 00000cam a2200000 a 4500
001 1/110066
008 160225s2010####gr | ||| |||| ||gre||
020 |a 9789609905824   |q (set) 
020 |a 9789609905831   |q (τ.1) 
020 |a 9789609905848   |q (τ.2) 
040 |a GR-MyUa  |b gre  |c GR-MyUa  |e AACR2 
041 0 |a gre 
082 7 |a 889.108   |2 (23) 
100 1 |a Παπακωνσταντίνου, Δημήτρης Κ. 
245 1 0 |a Ποιητικά άπαντα /   |c Δημ. Κ. Παπακωνσταντίνου ; επιμέλεια Ειρήνη Σαρίογλου.  
260 |a Αθήνα :   |b Ελληνικό Ίδρυμα Ιστορικών Μελετών,   |c 2011.  
300 |a 2 τ. ;   |c 21 εκ.  
490 1 |a (Λογοτεχνία / Ελληνικό Ίδρυμα Ιστορικών Μελετών) 
650 0 |a Cyprian poetry. 
650 0 |a Cyprian poetry  |x Collections. 
650 0 |a Greek poetry, Modern  |z Cyprus. 
650 0 |a Greek literature, Modern  |z Cyprus. 
700 1 |a Σαρίογλου, Ειρήνη,   |d 1972-  |e edtf 
830 0 |a Λογοτεχνία (Ελληνικό Ίδρυμα Ιστορικών Μελετών) 
852 |a INST  |b RHODES  |e 20160225  |h 889.108 ΠΑΠ  |p 005400038244  |q 005400038244  |t BK  |v τομ.1:  |y 0 
852 |a INST  |b RHODES  |e 20160225  |h 889.108 ΠΑΠ  |p 005400038245  |q 005400038245  |t BK  |v τομ.2:  |y 0 
853 |a INST  |b RHODES  |h 889.108 ΠΑΠ 
970 |z 25-02-2016